| 000 | 02319nam0a2200421 4500 | ||
|---|---|---|---|
| 001 | RU\NLR\BIBL_A\012766139 | ||
| 005 | 20220429150318.0 | ||
| 010 | _a978-5-4461-1627-0 | ||
| 021 |
_aRU _bКН-П-22-018388 _9КН-П-22-1580 |
||
| 021 |
_aRU _bКН-П-21-095812 _9КН-П-21-7660 |
||
| 035 | _a(NLR Aleph) 012766139 | ||
| 090 |
_a13077864 _c13077864 |
||
| 100 | _a20220419d2022 u y0rusy50 ca | ||
| 101 | 1 |
_arus _cund |
|
| 102 | _aRU | ||
| 105 | _aac||z|||000zy | ||
| 181 | 0 |
_ai _baxxe |
|
| 182 | 0 | _an | |
| 200 | 1 |
_aТеории личности _eосновные положения, исследования и применение _eучебное пособие для студентов высших учебных заведений, обучающихся по направлению и специальностям психологии _e[перевод] _fЛарри Хьелл, Дэниел Зиглер |
|
| 203 |
_aТекст _bвизуальный _cнепосредственный |
||
| 205 | _a3-е изд. | ||
| 210 |
_aСанкт-Петербург [и др.] _cПитер _d2022 [т.е. 2021] |
||
| 215 |
_a606, [2] с. _cил., портр., табл. _d24 |
||
| 225 | 1 | _aМастера психологии | |
| 300 | _aЗагл. и авт. ориг.: Personality theories / Larry A. Hjelle, Daniel J. Ziegler | ||
| 300 | _aНа 13-й с. авт.: Ларри А. Хьелл, доц. психологии, магистр по эксперимент. психологии, д-р по соц.-личност. психологии, Дэниел Дж. Зиглер, проф. психологии, д-р по психологии | ||
| 300 | _aКн. фактически изд. в 2021 г. | ||
| 320 | _aБиблиогр.: с. 604-606 | ||
| 333 | _a16+ | ||
| 454 | 0 |
_12001#$aPersonality theories$fLarry A. Hjelle, Daniel J. Ziegler _1700#1$aHjelle$bL. A.$gLarry A _1701#1$aZiegler$bD. J.$gDaniel J |
|
| 606 | 1 |
_aПсихология личности _2nlr_sh2 _3RU\NLR\AUTH\6601568696 |
|
| 686 | 1 | _aЮ937 | |
| 700 | 1 |
_aХьелл _bЛ. А. _gЛарри А |
|
| 701 | 1 |
_aЗиглер _bД. Д. _gДаниел Д _3RU\NLR\AUTH\7719393 |
|
| 942 | _cBOOK | ||
| 980 | _aNB | ||